[Event "Rilton Cup 22nd"]
[Site "Stockholm"]
[Date "1992.??.??"]
[Round "1"]
[White "Ostergaard, Dan"]
[Black "Johansson, Jan"]
[Result "0-1"]
[WhiteElo "2235"]
[BlackElo "2390"]
[PlyCount "64"]
[EventDate "1992.12.??"]
[EventType "swiss"]
[EventRounds "9"]
[EventCountry "SWE"]
[SourceTitle "TD"]
[Source "ChessBase"]
[SourceDate "1994.03.01"]
[SourceVersion "1"]
[SourceVersionDate "1994.03.01"]
[SourceQuality "1"]

1. e4 e5 2. Nf3 d6 3. d4 Nf6 4. Nc3 Nbd7 5. Bc4 Be7 6. 0-0 0-0 7. Re1 c6 8. Bb3 b5 9. a4 b4 10. Nb1 Bb7 11. Nbd2 exd4 12. Nxd4 Nc5 13. Nf5 Re8 14. Qf3 Bf8 15. Qf4 Bc8 16. g4 Nxb3 17. cxb3 d5 18. e5 Nd7 19. Nf3 Nc5 20. Rd1 Ba6 21. Ng5 Qd7 22. Qg3 h6 23. Nf3 Ne4 24. Qf4 Be2 25. Re1 Bxf3 26. Qxf3 Rxe5 27. Bf4 Re6 28. Rad1 Rae8 29. Re3 Qc8 30. h4 Rg6 31. h5 Rge6 32. Qg3 Nxg3 0-1

[Event "SWE-chT 9293"]
[Site "Sweden"]
[Date "1992.??.??"]
[Round "6"]
[White "Ostergaard, Dan"]
[Black "Marttala, Thomas"]
[Result "1-0"]
[WhiteElo "2285"]
[BlackElo "2265"]
[PlyCount "80"]
[EventDate "1992.??.??"]
[EventType "team"]
[EventRounds "9"]
[EventCountry "SWE"]
[SourceTitle "EXT 2006"]
[Source "ChessBase"]
[SourceDate "2005.11.24"]
[SourceVersion "1"]
[SourceVersionDate "2005.11.24"]
[SourceQuality "1"]

1. e4 e5 2. Nf3 Nc6 3. Bb5 a6 4. Ba4 d6 5. c3 Bd7 6. 0-0 g6 7. d4 Bg7 8. Re1 Nf6 9. Bc2 0-0 10. d5 Ne7 11. c4 Bg4 12. Be3 Nd7 13. h3 Bxf3 14. Qxf3 f5 15. Nc3 f4 16. Bd2 Nf6 17. Na4 g5 18. c5 b5 19. cxb6 cxb6 20. Qb3 b5 21. Nc3 Ng6 22. a4 b4 23. Qxb4 g4 24. hxg4 Nxg4 25. Bd1 Rb8 26. Qa3 f3 27. Bxf3 Qh4 28. Nd1 Nh2 29. Be2 Ng4 30. Qg3 Qxg3 31. fxg3 h5 32. Bxa6 Rb3 33. Bc3 Bh6 34. Bc4 Rb7 35. a5 h4 36. a6 Ra7 37. Be2 Nf2 38. Nxf2 hxg3 39. Ng4 Bf4 40. Bf3 Kf7 1-0

[Event "Rilton Cup 22nd"]
[Site "Stockholm"]
[Date "1992.??.??"]
[Round "8"]
[White "Wieweg, Johnny"]
[Black "Ostergaard, Dan"]
[Result "1-0"]
[WhiteElo "2355"]
[BlackElo "2235"]
[PlyCount "73"]
[EventDate "1992.12.??"]
[EventType "swiss"]
[EventRounds "9"]
[EventCountry "SWE"]
[SourceTitle "TD"]
[Source "ChessBase"]
[SourceDate "1994.03.01"]
[SourceVersion "1"]
[SourceVersionDate "1994.03.01"]
[SourceQuality "1"]

1. e4 c5 2. Nf3 d6 3. Bc4 e6 4. Qe2 a6 5. a4 Be7 6. Bb3 Nc6 7. c3 Bf6 8. 0-0 Nge7 9. d3 0-0 10. Bc2 e5 11. h3 Ng6 12. Na3 b5 13. Be3 Rb8 14. Rfd1 Re8 15. axb5 axb5 16. d4 exd4 17. cxd4 cxd4 18. Nxd4 Nxd4 19. Bxd4 Nf4 20. Qf1 Bxd4 21. Rxd4 Qf6 22. Rad1 d5 23. b4 Ra8 24. Nb1 Qg6 25. Kh1 Ra2 26. R1d2 Qb6 27. Qd1 g6 28. Nc3 Ra3 29. Nxd5 Nxd5 30. Rxd5 Qb8 31. Rd8 Rxd8 32. Rxd8+ Kg7 33. Qd4+ f6 34. g3 Qb7 35. Qc5 Ra1+ 36. Kh2 Kh6 37. Rxc8 1-0

[Event "Eger op"]
[Site "Eger"]
[Date "1991.??.??"]
[Round "?"]
[White "Bali, Janos"]
[Black "Ostergaard, Dan"]
[Result "1-0"]
[WhiteElo "2270"]
[BlackElo "2255"]
[PlyCount "71"]
[EventDate "1991.??.??"]
[EventType "swiss"]
[EventRounds "9"]
[EventCountry "HUN"]
[SourceTitle "EXT 1997"]
[Source "ChessBase"]
[SourceDate "1996.11.15"]
[SourceVersion "1"]
[SourceVersionDate "1996.11.15"]
[SourceQuality "1"]

1. d4 Nf6 2. c4 g6 3. Nc3 Bg7 4. e4 d6 5. Be2 0-0 6. Bg5 c5 7. d5 Qa5 8. Qd2 e6 9. Nf3 exd5 10. exd5 Bg4 11. 0-0 a6 12. Qf4 Bxf3 13. Bxf6 Bxe2 14. Bxg7 Kxg7 15. Nxe2 Qb6 16. b3 Nd7 17. Ng3 Rae8 18. Rae1 Qc7 19. Qg5 Kh8 20. Re3 b5 21. Rfe1 Rxe3 22. Qxe3 bxc4 23. bxc4 Kg8 24. Qe7 Qa5 25. Re4 Qxa2 26. h4 f5 27. Re1 Qd2 28. Re2 Qc1+ 29. Re1 Qc3 30. Rb1 Rf7 31. Qxd6 f4 32. Ne4 Qc2 33. Re1 Nf8 34. Ng5 Qd2 35. Re8 Rf5 36. Ne6 1-0

[Event "Eger op"]
[Site "Eger"]
[Date "1991.??.??"]
[Round "?"]
[White "Okhotnik, Vladimir"]
[Black "Ostergaard, Dan"]
[Result "1-0"]
[WhiteElo "2425"]
[BlackElo "2255"]
[PlyCount "57"]
[EventDate "1991.??.??"]
[EventType "swiss"]
[EventRounds "9"]
[EventCountry "HUN"]
[SourceTitle "EXT 1997"]
[Source "ChessBase"]
[SourceDate "1996.11.15"]
[SourceVersion "1"]
[SourceVersionDate "1996.11.15"]
[SourceQuality "1"]

1. e4 c5 2. c3 d5 3. exd5 Qxd5 4. d4 Nc6 5. Nf3 Bg4 6. Be2 0-0-0 7. Be3 e5 8. c4 Qd7 9. d5 Bxf3 10. Bxf3 Nd4 11. Nc3 f5 12. a3 h6 13. Rb1 g5 14. b4 Nf6 15. bxc5 Bxc5 16. 0-0 Kb8 17. Nb5 Nxb5 18. Bxc5 Nc3 19. Qe1 Nce4 20. Be3 Qa4 21. Bd1 Qxa3 22. Rb3 Qa6 23. Qb4 b6 24. Ra3 Qb7 25. Ba4 Rh7 26. Bc6 Qe7 27. Qb2 Nc5 28. Rfa1 Rd7 29. Bxd7 1-0

[Event "Eger op"]
[Site "Eger"]
[Date "1991.??.??"]
[Round "?"]
[White "Ostergaard, Dan"]
[Black "Biro, Sandor"]
[Result "1-0"]
[WhiteElo "2255"]
[BlackElo "2335"]
[PlyCount "105"]
[EventDate "1991.??.??"]
[EventType "swiss"]
[EventRounds "9"]
[EventCountry "HUN"]
[SourceTitle "EXT 1997"]
[Source "ChessBase"]
[SourceDate "1996.11.15"]
[SourceVersion "1"]
[SourceVersionDate "1996.11.15"]
[SourceQuality "1"]

1. e4 e5 2. Nf3 Nc6 3. Bb5 g6 4. d4 exd4 5. Nxd4 Bg7 6. Be3 Nge7 7. Nc3 0-0 8. Qd2 a6 9. Bxc6 bxc6 10. 0-0-0 d6 11. Bh6 c5 12. Nb3 Be6 13. h4 f6 14. Bxg7 Kxg7 15. h5 g5 16. e5 dxe5 17. Qe3 Qb8 18. Nxc5 Qb6 19. N3e4 Rab8 20. b3 h6 21. Rd6 cxd6 22. Nxe6+ Kf7 23. Qxb6 Rxb6 24. Nxf8 Kxf8 25. Nxf6 Kg7 26. Ng4 Rb4 27. c4 Nc6 28. Ne3 a5 29. Rd1 Nd4 30. Nc2 Nxc2 31. Kxc2 Rb6 32. Rd5 Ra6 33. g4 Kf6 34. Kd3 Ke6 35. Ke4 a4 36. b4 Ra7 37. c5 dxc5 38. Rxe5+ Kd6 39. Rd5+ Ke6 40. Rxc5 Rf7 41. Re5+ Kd6 42. Rf5 Rc7 43. Kd4 Rc2 44. a3 Ra2 45. Rf6+ Kc7 46. Rf3 Kb6 47. Ke5 Rb2 48. Kf5 Rb3 49. Re3 Rb2 50. Kg6 Rxf2 51. Kxh6 Rb2 52. Kxg5 Rb3 53. Kf4 1-0

[Event "Eger op"]
[Site "Eger"]
[Date "1991.??.??"]
[Round "?"]
[White "Ostergaard, Dan"]
[Black "Canfell, Gregory"]
[Result "1-0"]
[WhiteElo "2255"]
[BlackElo "2280"]
[PlyCount "63"]
[EventDate "1991.??.??"]
[EventType "swiss"]
[EventRounds "9"]
[EventCountry "HUN"]
[SourceTitle "EXT 1997"]
[Source "ChessBase"]
[SourceDate "1996.11.15"]
[SourceVersion "1"]
[SourceVersionDate "1996.11.15"]
[SourceQuality "1"]

1. e4 c5 2. Nf3 e6 3. d4 cxd4 4. Nxd4 Nf6 5. Nc3 d6 6. Bc4 Be7 7. Bb3 0-0 8. g4 Nc6 9. g5 Nd7 10. Rg1 Nde5 11. Nxc6 bxc6 12. f4 Nd7 13. Be3 d5 14. Qh5 g6 15. Qh6 Re8 16. 0-0-0 Bf8 17. Qh4 Bg7 18. Qf2 a5 19. Na4 Rb8 20. c3 Qc7 21. h4 dxe4 22. h5 e5 23. hxg6 hxg6 24. f5 gxf5 25. g6 Rxb3 26. gxf7+ Kxf7 27. Rxg7+ Kxg7 28. Rg1+ Kf6 29. Qh4+ Ke6 30. Qh6+ Nf6 31. Nc5+ Kd5 32. axb3 1-0

[Event "Eger op"]
[Site "Eger"]
[Date "1991.??.??"]
[Round "?"]
[White "Ostergaard, Dan"]
[Black "Krockenberger, Martin"]
[Result "1-0"]
[WhiteElo "2255"]
[BlackElo "2315"]
[PlyCount "55"]
[EventDate "1991.??.??"]
[EventType "swiss"]
[EventRounds "9"]
[EventCountry "HUN"]
[SourceTitle "EXT 1997"]
[Source "ChessBase"]
[SourceDate "1996.11.15"]
[SourceVersion "1"]
[SourceVersionDate "1996.11.15"]
[SourceQuality "1"]

1. e4 c5 2. Nf3 e6 3. d4 cxd4 4. Nxd4 Nf6 5. Nc3 d6 6. Bc4 Be7 7. Bb3 0-0 8. 0-0 Na6 9. Be3 Nc5 10. f3 a6 11. Qd2 Qc7 12. Rfd1 b5 13. Qf2 b4 14. Nb1 Bb7 15. c4 bxc3 16. Nxc3 Nxb3 17. Nxb3 d5 18. Rac1 Qb8 19. exd5 Nxd5 20. Bc5 Re8 21. Bxe7 Rxe7 22. Na5 Nf6 23. Qb6 Qc7 24. Qb4 Kf8 25. Ne4 Qb8 26. Nxf6 gxf6 27. Rd7 Qa7+ 28. Kf1 1-0